| 000 | 00732nab a2200229u 4500 | ||
|---|---|---|---|
| 001 | 17736 | ||
| 003 | HDC | ||
| 007 | c| |||a|c|aaaa | ||
| 008 | 210223b20140624my ||||| |||| 00| 0 may d | ||
| 040 | _aHDC | ||
| 245 | 0 | _aMalaysia, Tajikistan komited kerjasama pelbagai bidang | |
| 336 |
_atext _2rdacontent |
||
| 337 |
_acomputer _2rdamedia |
||
| 338 |
_aonline resource _2rdacarrier |
||
| 650 |
_adiplomatic relationship _916978 |
||
| 650 |
_aTajikistan _916977 |
||
| 710 | _aBERITA HARIAN | ||
| 856 | _zRequest full-text at [email protected] | ||
| 942 | _2lcc | ||
| 942 | _cNEWS | ||
| 942 | _kNWSC 005012 | ||
| 999 |
_c15052 _d15052 |
||